000 01366nam0a22003131 4500
001 RU\NLR\A2\5791
005 20260407082541.0
035 _a(NLR Aleph) 009859310
090 _a10379604
_c10379604
100 _a19970114d1761 u y0rusy50 ca
101 0 _alat
102 _aRU
200 1 _aFlora Ingrica ex schedis Stephani Krascheninnikow botanices et historiae naturalis professoris quondam Petropolitani confecta et propriis observationibus aucta a Davide de Gorter A.L.M. Ph. et M.D. augustissimae Russorum Imperatricis medico, Acad. Imp. scient. Petrop. et Caes. Nat. Cur. ut et Soc. Reg. Lond. et Holm. membro
210 _aPetropoli [St.- Peterburg]
_cTypis Academiae scientiarum
_d1761
215 _a8, 190 с.
_d
321 1 _aСК XVIII(ин.) 1621
620 _dSt.- Peterburg
700 1 _6a01700
_6z02790
_aKrašeninnikov
_bS.P.
_f1711-1756
_gStepan Petrovič
_4070
700 1 _6a01700
_aКрашенинников
_bС.П.
_f1711-1756
_gСтепан Петрович
_4070
_7ca
702 1 _aGorter
_bD. de
_f1717-1783
_gDavid de
_4770
712 0 2 _4610
_8lat
_aAcademia scientiarum
_cPetropolis
_bTypographia
_7ba
_3RU\NLR\AUTH\888588
_9289639
790 1 _6z02700
_aKrascheninnikow
_gStephanus
_4070
801 0 _aRU
_bNLR
_c19970114
852 _aNLR
_bRossica
_j13.8.7.112
942 _cBOOK
980 _aNB
980 _aRossica
980 _ain18